Statistics for All My Little Pony Episodes

Click here to take the quiz!

General Stats

  • This quiz has been taken 47 times
  • The average score is 64 of 222

Answer Stats

Episode No.Episode Name% Correct
1x1Friendship is Magic Part 1
87%
1x2Friendship is Magic Part 2
87%
4x25Twilight's Kingdom Part 1
73%
4x26Twilight's Kingdom Part 2
73%
4x1Princess Twilight Sparkle Part 1
67%
4x2Princess Twilight Sparkle Part 2
67%
2x1The Return of Harmony Part 1
67%
2x2The Return of Harmony Part 2
67%
1x3The Ticket Master
67%
2x25A Canterlot Wedding Part 1
60%
2x26A Canterlot Wedding Part 2
60%
5x13Do Princesses Dream of Magic Sheep?
60%
5x9Slice of Life
60%
3x1The Crystal Empire Part 1
60%
3x2The Crystal Empire Part 2
60%
9x26The Last Problem
60%
7x10A Royal Problem
53%
4x4Daring Don't
53%
2x3Lesson Zero
47%
3x13Magical Mystery Cure
47%
1x25Party of One
47%
5x10Princess Spike
47%
9x1The Beginning of the End Part 1
47%
9x2The Beginning of the End Part 2
47%
5x1The Cutie Map Part 1
47%
5x2The Cutie Map Part 2
47%
5x25The Cutie Re-Mark Part 1
47%
5x26The Cutie Re-Mark Part 2
47%
5x12Amending Fences
40%
1x4Applebuck Season
40%
5x4Bloom and Gloom
40%
1x6Boast Busters
40%
5x18Crusaders of the Lost Mark
40%
1x7Dragonshy
40%
1x13Fall Weather Friends
40%
1x20Green Isn't Your Color
40%
2x11Hearth's Warming Eve
40%
2x20It's About Time
40%
1x8Look Before You Sleep
40%
2x4Luna Eclipsed
40%
3x5Magic Duel
40%
4x9Pinkie Apple Pie
40%
4x12Pinkie Pride
40%
2x16Read It and Weep
40%
2x5Sisterhooves Social
40%
3x6Sleepless in Ponyville
40%
1x26The Best Night Ever
40%
1x23The Cutie Mark Chronicles
40%
3x7Wonderbolts Academy
40%
6x8A Hearth's Warming Tail
33%
2x13Baby Cakes
33%
4x7Bats!
33%
5x14Canterlot Boutique
33%
7x12Discordant Harmony
33%
2x21Dragon Quest
33%
1x15Feeling Pinkie Keen
33%
2x17Hearts and Hooves Day
33%
8x7Horse Play
33%
2x22Hurricane Fluttershy
33%
3x11Just for Sidekicks
33%
4x18Maud Pie
33%
2x7May the Best Pet Win!
33%
2x24MMMystery on the Friendship Express
33%
3x4One Bad Apple
33%
1x21Over a Barrel
33%
1x24Owl's Well That Ends Well
33%
2x23Ponyville Confidential
33%
4x6Power Ponies
33%
2x19Putting Your Hoof Down
33%
5x15Rarity Investigates!
33%
4x8Rarity Takes Manehattan
33%
8x1School Daze Part 1
33%
8x2School Daze Part 2
33%
8x25School Raze Part 1
33%
8x26School Raze Part 2
33%
7x25Shadow Play Part 1
33%
7x26Shadow Play Part 2
33%
1x16Sonic Rainboom
33%
3x9Spike at Your Service
33%
1x17Stare Master
33%
1x14Suited for Success
33%
2x9Sweet and Elite
33%
6x1The Crystalling Part 1
33%
6x2The Crystalling Part 2
33%
2x6The Cutie Pox
33%
9x24The Ending of the End Part 1
33%
9x25The Ending of the End Part 2
33%
2x15The Super Speedy Cider Squeezy 6000
33%
4x11Three's a Crowd
33%
3x3Too Many Pinkie Pies
33%
4x15Twilight Time
33%
5x22What About Discord?
33%
1x11Winter Wrap Up
33%
1x19A Dog and Pony Show
27%
2x18A Friend in Deed
27%
3x8Apple Family Reunion
27%
1x9Bridle Gossip
27%
5x17Brotherhooves Social
27%
1x12Call of the Cutie
27%
4x3Castle Mane-ia
27%
7x18Daring Done?
27%
4x24Equestria Games
27%
4x5Flight to the Finish
27%
9x8Frenemies
27%
8x16Friendship University
27%
3x12Games Ponies Play
27%
1x5Griffon the Brush-Off
27%
5x20Hearthbreakers
27%
7x9Honest Apple
27%
4x23Inspiration Manifestation
27%
4x16It Ain't Easy Being Breezies
27%
3x10Keep Calm and Flutter On
27%
4x20Leap of Faith
27%
5x16Made in Manehattan
27%
5x7Make New Friends But Keep Discord
27%
6x7Newbie Dash
27%
6x6No Second Prances
27%
4x10Rainbow Falls
27%
5x21Scare Master
27%
9x7She's All Yak
27%
4x17Somepony to Watch Over Me
27%
8x23Sounds of Silence
27%
1x10Swarm of the Century
27%
4x21Testing Testing 1, 2, 3
27%
9x12The Last Crusade
27%
2x8The Mysterious Mare Do Well
27%
5x19The One Where Pinkie Pie Knows
27%
1x18The Show Stoppers
27%
6x20Viva Las Pegasus
27%
9x152, 4, 6, Greaaat
20%
6x1528 Pranks Later
20%
1x22A Bird in the Hoof
20%
7x2All Bottled Up
20%
5x6Appleoosa's Most Wanted
20%
9x13Between Dark and Dawn
20%
6x18Buckball Season
20%
7x16Campfire Tales
20%
5x3Castle Sweet Castle
20%
7x1Celestial Advice
20%
9x21Daring Doubt
20%
6x17Dungeons and Discords
20%
6x21Every Little Thing She Does
20%
7x14Fame and Misfortune
20%
2x12Family Appreciation Day
20%
7x5Fluttershy Leans In
20%
4x19For Whom the Sweetie Belle Toils
20%
9x22Growing Up is Hard to Do
20%
7x8Hard to Say Anything
20%
8x11Molt Down
20%
7x22Once Upon a Zeppelin
20%
5x11Party Pooped
20%
2x10Secret of My Excess
20%
7x23Secrets and Pies
20%
9x4Sparkle's Seven
20%
6x13Stranger Than Fan Fiction
20%
5x5Tanks for the Memories
20%
9x23The Big Mac Question
20%
8x10The Break Up Breakdown
20%
9x14The Last Laugh
20%
2x14The Last Roundup
20%
5x24The Mane Attraction
20%
8x3The Maud Couple
20%
8x13The Mean 6
20%
7x13The Perfect Pear
20%
6x9The Saddle Row Review
20%
9x17The Summer Sun Setback
20%
6x25To Where and Back Again Part 1
20%
6x26To Where and Back Again Part 2
20%
4x22Trade Ya!
20%
7x20A Health of Information
13%
9x20A Horse Shoe-In
13%
8x14A Matter of Principals
13%
6x10Applejack's "Day" Off
13%
8x21A Rockhoof and a Hard Place
13%
9x16A Trivial Pursuit
13%
8x4Fake It 'Til You Make It
13%
4x14Filli Vanilli
13%
6x11Flutter Brutter
13%
7x6Forever Filly
13%
6x5Gauntlet of Fire
13%
8x5Grannies Gone Wild
13%
7x19It Isn't the Mane Thing About You
13%
7x21Marks and Recreation
13%
8x12Marks for Effort
13%
8x9Non-Compete Clause
13%
7x11Not Asking for Trouble
13%
7x7Parental Glideance
13%
6x22Pony Point of View
13%
8x19Road to Friendship
13%
7x4Rock Solid Friendship
13%
9x18She Talks to Angel
13%
4x13Simple Ways
13%
6x12Spice Up Your Life
13%
9x11Student Counsel
13%
8x6Surf and/or Turf
13%
9x9Sweet and Smoky
13%
8x17The End in Friend
13%
6x19The Fault in Our Cutie Marks
13%
6x3The Gift of the Maud Pie
13%
8x15The Hearth's Warming Club
13%
5x23The Hooffields and McColts
13%
5x8The Lost Treasure of Griffonstone
13%
8x8The Parent Map
13%
6x16The Times They Are a Changeling
13%
8x20The Washouts
13%
7x17To Change a Changeling
13%
6x24Top Bolt
13%
7x15Triple Threat
13%
7x24Uncommon Bond
13%
9x3Uprooted
13%
8x22What Lies Beneath
13%
6x23Where the Apple Lies
13%
8x18Yakity-Sax
13%
7x3A Flurry of Emotions
7%
9x0Best Gift Ever
7%
9x6Common Ground
7%
9x19Dragon Dropped
7%
8x24Father Knows Beast
7%
9x10Going to Seed
7%
6x4On Your Marks
7%
6x14The Cart Before the Ponies
7%
9x5The Point of No Return
7%

Score Distribution

Percentile by Number Answered

Percent of People with Each Score

Your Score History

You have not taken this quiz